| 000 | 00650na a2200241 4500 | ||
|---|---|---|---|
| 001 | 13770 | ||
| 003 | MIRAKIL | ||
| 005 | 20181213155122.0 | ||
| 008 | 161024b tu 000 0 | ||
| 020 | _a9789751801319 | ||
| 035 | _a13770 | ||
| 040 |
_aMilas _btur _cTR-AnCHP |
||
| 041 | _atur | ||
| 082 |
_a956.211 _bK86i 2012 |
||
| 090 | _a956.211 K86i 2012 | ||
| 100 | _aKurt, Sadık | ||
| 245 |
_aİzmir'de kamusal hizmetler _b(1850-1950) _cSadık Kurt |
||
| 260 |
_aİzmir _bİzmir Büyükşehir Belediyesi _c2012 |
||
| 300 |
_a311 s. _btbl. _c32 sm. |
||
| 650 |
_aKamu yönetimi _xTarih _zİzmir |
||
| 651 |
_aİzmir _xTarih |
||
| 942 |
_2dcc _cBKS |
||
| 999 |
_c6868 _d6868 |
||